[Event "Lloyds Bank Masters 04th"]
[Site "London"]
[Date "1980.08.21"]
[Round "2.7"]
[White "Bellin, Robert"]
[Black "Van der Mije, Alexandra"]
[Result "1/2-1/2"]
[WhiteElo "2440"]
[BlackElo "2285"]
[PlyCount "81"]
[EventDate "1980.08.20"]
[EventType "swiss"]
[EventRounds "9"]
[EventCountry "ENG"]
[SourceTitle "BritBase"]
[Source "John Saunders"]
[SourceDate "2020.09.07"]
[SourceVersion "1"]
[SourceVersionDate "2020.09.07"]
[SourceQuality "2"]

1. e4 e5 2. Nf3 Nc6 3. Bb5 a6 4. Ba4 Nf6 5. O-O Be7 6. Re1 b5 7. Bb3 d6 8. c3
O-O 9. h3 Na5 10. Bc2 c5 11. d4 Qc7 12. d5 Nc4 13. a4 bxa4 14. Rxa4 Nb6 15. Ra2
Bd7 16. Na3 h6 17. Be3 Nh7 18. Qd2 f5 19. exf5 Bxf5 20. Bxf5 Rxf5 21. Qd3 Raf8
22. Nc4 Nxc4 23. Qxc4 Qb7 24. Nd2 R5f7 25. Ne4 Kh8 26. Rb1 Nf6 27. Nxf6 Rxf6
28. Rxa6 Rf5 29. Rc6 Qd7 30. b4 cxb4 31. Rc7 Qe8 32. cxb4 Bg5 33. Bxg5 Rxg5 34.
Qe4 Rgf5 35. Qg4 Rg5 36. Qe6 Qh5 37. Rf1 Qf3 38. g4 Qxh3 39. f3 Qg3+ 40. Kh1 h5
41. Rc8 1/2-1/2

[Event "Lloyds Bank Masters 04th"]
[Site "London"]
[Date "1980.08.21"]
[Round "2.8"]
[White "Berg, Klaus"]
[Black "Langeweg, Kick"]
[Result "1-0"]
[WhiteElo "2295"]
[BlackElo "2425"]
[PlyCount "49"]
[EventDate "1980.08.20"]
[EventType "swiss"]
[EventRounds "9"]
[EventCountry "ENG"]
[SourceTitle "BritBase"]
[Source "John Saunders"]
[SourceDate "2020.09.07"]
[SourceVersion "1"]
[SourceVersionDate "2020.09.07"]
[SourceQuality "2"]

1. e4 c5 2. Nf3 d6 3. d4 cxd4 4. Nxd4 Nf6 5. Nc3 Nc6 6. Bc4 e6 7. Be3 Be7 8.
Qe2 a6 9. O-O-O Qc7 10. Bb3 O-O 11. Rhg1 Nxd4 12. Bxd4 b5 13. g4 b4 14. g5 Nd7
15. Nd5 exd5 16. Bxd5 Bb7 17. g6 Bf6 18. Qh5 Rfc8 19. Qxh7+ Kf8 20. Bb3 Nc5 21.
Bc4 Bxd4 22. Rxd4 Ne6 23. gxf7 Ke7 24. f8=Q+ Kxf8 25. Qf5+ 1-0

[Event "Lloyds Bank Masters 04th"]
[Site "London"]
[Date "1980.08.21"]
[Round "2.9"]
[White "Pliester, Leon"]
[Black "Hartston, William Roland"]
[Result "0-1"]
[WhiteElo "2245"]
[BlackElo "2465"]
[PlyCount "53"]
[EventDate "1980.08.20"]
[EventType "swiss"]
[EventRounds "9"]
[EventCountry "ENG"]
[SourceTitle "BritBase"]
[Source "John Saunders"]
[SourceDate "2020.09.07"]
[SourceVersion "1"]
[SourceVersionDate "2020.09.07"]
[SourceQuality "2"]

1. d4 Nf6 2. c4 c5 3. d5 e5 4. Nc3 d6 5. e4 Be7 6. Bd3 O-O 7. Nf3 Nbd7 8. a3 a6
9. Rb1 Nh5 10. g3 g6 11. Bh6 Ng7 12. h4 Nf6 13. Bd2 Ng4 14. Ng5 f5 15. exf5
gxf5 16. f3 Nf6 17. Qc2 Qe8 18. g4 e4 19. fxe4 Nxg4 20. O-O Qh5 21. Bf4 Qxh4
22. Nf3 Qh3 23. Ne2 Nh5 24. exf5 Nxf4 25. Nxf4 Qg3+ 26. Ng2 Bf6 27. Qd2 0-1

[Event "Lloyds Bank Masters 04th"]
[Site "London"]
[Date "1980.08.21"]
[Round "2.10"]
[White "Wells, Ian Duncan"]
[Black "Ligterink, Gert"]
[Result "1/2-1/2"]
[WhiteElo "2220"]
[BlackElo "2455"]
[PlyCount "50"]
[EventDate "1980.08.20"]
[EventType "swiss"]
[EventRounds "9"]
[EventCountry "ENG"]
[SourceTitle "BritBase"]
[Source "John Saunders"]
[SourceDate "2020.09.07"]
[SourceVersion "1"]
[SourceVersionDate "2020.09.07"]
[SourceQuality "2"]

1. e4 c5 2. Nf3 d6 3. Bb5+ Bd7 4. Bxd7+ Nxd7 5. O-O Ngf6 6. Re1 e6 7. c3 Be7 8.
d4 cxd4 9. cxd4 d5 10. e5 Ne4 11. Nbd2 Nxd2 12. Bxd2 O-O 13. Rc1 Nb8 14. Qb3
Qd7 15. Qd3 Nc6 16. Ng5 Bxg5 17. Bxg5 Kh8 18. Re3 f5 19. Rh3 Rac8 20. Rc3 Qf7
21. Qd2 Ne7 22. Bxe7 Qxe7 23. Qc1 Qd7 24. Rxc8 Rxc8 25. Rc3 Rxc3 1/2-1/2

[Event "Lloyds Bank Masters 04th"]
[Site "London"]
[Date "1980.08.21"]
[Round "2.15"]
[White "Chandler, Murray G"]
[Black "Miranda, Marcio MC"]
[Result "1-0"]
[WhiteElo "2450"]
[BlackElo "2270"]
[PlyCount "67"]
[EventDate "1980.08.20"]
[EventType "swiss"]
[EventRounds "9"]
[EventCountry "ENG"]
[SourceTitle "BritBase"]
[Source "John Saunders"]
[SourceDate "2020.09.07"]
[SourceVersion "1"]
[SourceVersionDate "2020.09.07"]
[SourceQuality "2"]

1. d4 Nf6 2. c4 e6 3. Nf3 b6 4. Nc3 Bb7 5. a3 d5 6. cxd5 exd5 7. g3 Nbd7 8. Bg2
Be7 9. Qa4 c6 10. O-O O-O 11. Bf4 Re8 12. Rad1 Nh5 13. Bc1 Bd6 14. e4 dxe4 15.
Ng5 h6 16. Ngxe4 Bf8 17. d5 c5 18. d6 Qc8 19. Bf3 g6 20. Bxh5 Bc6 21. Qc2 gxh5
22. Nd5 Re6 23. f3 Bxd5 24. Rxd5 h4 25. gxh4 Rg6+ 26. Kh1 Qc6 27. Rf5 Bxd6 28.
h5 Re6 29. Rg1+ Kf8 30. Qg2 Ke7 31. Bxh6 Rxh6 32. Qg5+ Ke6 33. Qxh6+ Kxf5 34.
Nxd6+ 1-0

[Event "Lloyds Bank Masters 04th"]
[Site "London"]
[Date "1980.08.21"]
[Round "2.17"]
[White "Lederman, Leon"]
[Black "Henttinen, Markku IO"]
[Result "1-0"]
[WhiteElo "2410"]
[BlackElo "2215"]
[PlyCount "71"]
[EventDate "1980.08.20"]
[EventType "swiss"]
[EventRounds "9"]
[EventCountry "ENG"]
[SourceTitle "BritBase"]
[Source "John Saunders"]
[SourceDate "2020.09.07"]
[SourceVersion "1"]
[SourceVersionDate "2020.09.07"]
[SourceQuality "2"]

1. e4 Nf6 2. e5 Nd5 3. d4 d6 4. Nf3 dxe5 5. Nxe5 g6 6. Bc4 Be6 7. Qe2 Bg7 8. h4
Nd7 9. h5 c6 10. Bb3 Qc7 11. c4 N5b6 12. f4 O-O-O 13. Be3 Bxe5 14. fxe5 f6 15.
Nc3 gxh5 16. c5 Nd5 17. Bxd5 Bxd5 18. Nxd5 cxd5 19. exf6 Nxf6 20. O-O Ng4 21.
Bf4 e5 22. dxe5 Rhf8 23. Rac1 Rde8 24. Bg3 Rg8 25. Kh1 Re6 26. Qd3 Qd7 27. Rf5
h4 28. Bxh4 Nxe5 29. Qf1 d4 30. Re1 Rge8 31. Bg3 Nc6 32. Rxe6 Rxe6 33. Bd6 b6
34. Rf7 Rh6+ 35. Kg1 Qe8 36. Rf8 1-0

[Event "Lloyds Bank Masters 04th"]
[Site "London"]
[Date "1980.08.21"]
[Round "2.18"]
[White "Marlow, Michael W"]
[Black "Caldwell, Susan Linda"]
[Result "1/2-1/2"]
[WhiteElo "2305"]
[BlackElo "2095"]
[PlyCount "62"]
[EventDate "1980.08.20"]
[EventType "swiss"]
[EventRounds "9"]
[EventCountry "ENG"]
[SourceTitle "BritBase"]
[Source "John Saunders"]
[SourceDate "2020.09.07"]
[SourceVersion "1"]
[SourceVersionDate "2020.09.07"]
[SourceQuality "2"]

1. e4 c5 2. Nf3 d6 3. Bb5+ Nc6 4. d4 cxd4 5. Qxd4 Bd7 6. Bxc6 Bxc6 7. O-O Nf6
8. Re1 e6 9. c4 Be7 10. Nc3 O-O 11. Bg5 h6 12. Bh4 Qc7 13. Rac1 Rfd8 14. Nd5
Bxd5 15. cxd5 Qd7 16. Rc3 Rdc8 17. dxe6 Qxe6 18. e5 dxe5 19. Rxe5 Qd6 20. Qxd6
Bxd6 21. Bxf6 Rxc3 22. bxc3 gxf6 23. Rd5 Rd8 24. Kf1 a6 25. Nd4 Bc7 26. Rxd8+
Bxd8 27. Nf5 Kh7 28. c4 Kg6 29. Nd6 b6 30. Ne4 f5 31. Nc3 Kf6 1/2-1/2

[Event "Lloyds Bank Masters 04th"]
[Site "London"]
[Date "1980.08.21"]
[Round "2.28"]
[White "Martin, Andrew D"]
[Black "Botterill, George Steven"]
[Result "1-0"]
[WhiteElo "2315"]
[BlackElo "2420"]
[PlyCount "97"]
[EventDate "1980.08.20"]
[EventType "swiss"]
[EventRounds "9"]
[EventCountry "ENG"]
[SourceTitle "BritBase"]
[Source "John Saunders"]
[SourceDate "2020.09.07"]
[SourceVersion "1"]
[SourceVersionDate "2020.09.07"]
[SourceQuality "2"]

1. Nf3 d5 2. c4 e6 3. b3 Nf6 4. Bb2 Be7 5. e3 O-O 6. Be2 b6 7. O-O Nbd7 8. Nc3
Bb7 9. Rc1 a6 10. d4 Bd6 11. Qc2 Qe7 12. Rfd1 Rfe8 13. Nb1 dxc4 14. bxc4 c5 15.
Ne5 cxd4 16. exd4 Rac8 17. Bd3 Nf8 18. Qe2 Ng6 19. Nxg6 hxg6 20. Nd2 Qc7 21.
Nf1 e5 22. d5 Nd7 23. Qg4 Nc5 24. Ng3 Rcd8 25. Bc2 Bc8 26. Qe2 f5 27. Re1 e4
28. Rb1 Re7 29. Bd4 Rde8 30. Qd2 a5 31. Qg5 Kf7 32. Bxg7 Bxg3 33. Qf6+ Kg8 34.
Qxg6 Bxh2+ 35. Kh1 Rxg7 36. Qxe8+ Kh7 37. g3 Rg8 38. Qh5+ Kg7 39. Qg5+ Kf7 40.
Qh6 Bxg3 41. fxg3 Qxg3 42. Qh5+ Qg6 43. Qh2 Qg3 44. Qxg3 Rxg3 45. Rxb6 Rc3 46.
Rc6 Nd3 47. Bxd3 exd3 48. Rc7+ Kf6 49. Rd1 1-0

[Event "Lloyds Bank Masters 04th"]
[Site "London"]
[Date "1980.08.21"]
[Round "2.34"]
[White "Van der Vliet, Fredrik"]
[Black "Chapman, Mark"]
[Result "1-0"]
[WhiteElo "2380"]
[BlackElo "2250"]
[PlyCount "99"]
[EventDate "1980.08.20"]
[EventType "swiss"]
[EventRounds "9"]
[EventCountry "ENG"]
[SourceTitle "BritBase"]
[Source "John Saunders"]
[SourceDate "2020.09.07"]
[SourceVersion "1"]
[SourceVersionDate "2020.09.07"]
[SourceQuality "2"]

1. d4 d5 2. c4 e6 3. Nf3 c5 4. cxd5 exd5 5. g3 Nc6 6. Bg2 Nf6 7. O-O Be7 8. Nc3
O-O 9. Bg5 c4 10. Ne5 Be6 11. Nxc6 bxc6 12. b3 Qa5 13. Na4 Rfd8 14. e3 c5 15.
Bxf6 gxf6 16. dxc5 Bxc5 17. Qh5 Bf8 18. Rfd1 Rac8 19. Rac1 Qb4 20. Nc3 cxb3 21.
Nxd5 Rxd5 22. Bxd5 Rxc1 23. Rxc1 b2 24. Rb1 Qc5 25. e4 Qc1+ 26. Qd1 Qxd1+ 27.
Rxd1 Bg4 28. Rb1 Ba3 29. f3 Bxf3 30. Kf2 Bh5 31. Ke3 Bg6 32. g4 h5 33. h3 hxg4
34. hxg4 Kg7 35. Bb3 Kh6 36. Kf3 Kg7 37. Bc2 Kf8 38. Rd1 Ke7 39. Rd3 Bc5 40.
Rb3 Bd4 41. Rb4 Be5 42. Rb7+ Kd6 43. Rxa7 Kc5 44. Rb7 Kc4 45. Rb3 Bd4 46. Bd3+
Kc5 47. a4 Kc6 48. a5 Kc7 49. a6 Kc6 50. Rb4 1-0

[Event "Lloyds Bank Masters 04th"]
[Site "London"]
[Date "1980.08.22"]
[Round "3.1"]
[White "Gutman, Lev"]
[Black "Pagden, Michael Ashley"]
[Result "1-0"]
[WhiteElo "2430"]
[BlackElo "2280"]
[PlyCount "59"]
[EventDate "1980.08.20"]
[EventType "swiss"]
[EventRounds "9"]
[EventCountry "ENG"]
[SourceTitle "BritBase"]
[Source "John Saunders"]
[SourceDate "2020.09.07"]
[SourceVersion "1"]
[SourceVersionDate "2020.09.07"]
[SourceQuality "2"]

1. d4 Nf6 2. c4 g6 3. g3 Bg7 4. Bg2 O-O 5. Nf3 d6 6. O-O Nc6 7. Nc3 e5 8. d5
Ne7 9. c5 Ne8 10. cxd6 cxd6 11. Qb3 h6 12. Bd2 f5 13. Rfd1 g5 14. Rac1 Ng6 15.
Nb5 g4 16. Ne1 f4 17. Nc3 Rf7 18. Ne4 h5 19. Rc4 h4 20. Rdc1 Bf5 21. Nd3 Bh6
22. R1c2 Nf6 23. Qb4 hxg3 24. hxg3 Nxe4 25. Bxe4 Bxe4 26. Rxe4 fxg3 27. Rxg4
gxf2+ 28. Kf1 Kh7 29. Qe4 Qg8 30. Rh4 {Source: BCM, November 1980, p561} 1-0

[Event "Lloyds Bank Masters 04th"]
[Site "London"]
[Date "1980.08.22"]
[Round "3.2"]
[White "Shamkovich, Leonid"]
[Black "Arkell, Keith C"]
[Result "1-0"]
[WhiteElo "2515"]
[BlackElo "2255"]
[PlyCount "37"]
[EventDate "1980.08.20"]
[EventType "swiss"]
[EventRounds "9"]
[EventCountry "ENG"]
[SourceTitle "BritBase"]
[Source "John Saunders"]
[SourceDate "2020.09.07"]
[SourceVersion "1"]
[SourceVersionDate "2020.09.07"]
[SourceQuality "2"]

1. e4 e6 2. d4 d5 3. Nd2 Nf6 4. e5 Nfd7 5. f4 b6 6. c3 c5 7. Ndf3 Ba6 8. Bxa6
Nxa6 9. Ne2 h5 10. f5 Nc7 11. fxe6 Nxe6 12. Qa4 g5 13. h4 cxd4 14. cxd4 g4 15.
Ng5 Nxg5 16. Bxg5 Be7 17. Bxe7 Qxe7 18. Nf4 O-O 19. Nxd5 1-0

[Event "Lloyds Bank Masters 04th"]
[Site "London"]
[Date "1980.08.22"]
[Round "3.4"]
[White "Paulsen, Dirk"]
[Black "Gheorghiu, Florin"]
[Result "0-1"]
[WhiteElo "2250"]
[BlackElo "2605"]
[PlyCount "78"]
[EventDate "1980.08.20"]
[EventType "swiss"]
[EventRounds "9"]
[EventCountry "ENG"]
[SourceTitle "BritBase"]
[Source "John Saunders"]
[SourceDate "2020.09.07"]
[SourceVersion "1"]
[SourceVersionDate "2020.09.07"]
[SourceQuality "2"]

1. e4 c5 2. Nf3 e6 3. b3 d6 4. Bb5+ Nd7 5. O-O Ngf6 6. Re1 Be7 7. Bf1 b6 8. c4
Bb7 9. Nc3 O-O 10. d4 cxd4 11. Nxd4 a6 12. Bb2 Re8 13. Qd2 Qc7 14. Rad1 Rad8
15. f3 Bf8 16. Qg5 g6 17. Kh1 Qb8 18. Nc2 Bg7 19. Qg3 Ne5 20. Rd2 d5 21. cxd5
exd5 22. exd5 b5 23. Red1 Qa8 24. Qh4 Nxd5 25. Nxd5 Rxd5 26. Rxd5 Bxd5 27. Qd4
Bb7 28. f4 Bf6 29. fxe5 Bxe5 30. Qxe5 Rxe5 31. Bxe5 Bc6 32. Nb4 f5 33. Rd6 Be4
34. Rxa6 Qc8 35. Bf4 Qc5 36. Bg3 f4 37. Be1 Qc1 38. Kg1 Qxe1 39. a3 Qe3+ 0-1

[Event "Lloyds Bank Masters 04th"]
[Site "London"]
[Date "1980.08.22"]
[Round "3.5"]
[White "Caldwell, Susan Linda"]
[Black "Sax, Gyula"]
[Result "0-1"]
[WhiteElo "2095"]
[BlackElo "2570"]
[PlyCount "58"]
[EventDate "1980.08.20"]
[EventType "swiss"]
[EventRounds "9"]
[EventCountry "ENG"]
[SourceTitle "BritBase"]
[Source "John Saunders"]
[SourceDate "2020.09.07"]
[SourceVersion "1"]
[SourceVersionDate "2020.09.07"]
[SourceQuality "2"]

1. e4 c5 2. Nf3 e6 3. d3 Nc6 4. g3 d5 5. Nbd2 Bd6 6. Bg2 Nge7 7. O-O O-O 8. Re1
Qc7 9. c3 Bd7 10. Qe2 f6 11. Nf1 Rae8 12. Bd2 a6 13. a3 d4 14. Rab1 e5 15. Rec1
Be6 16. b4 dxc3 17. Bxc3 Qd7 18. N1d2 b5 19. bxc5 Bxc5 20. Bb4 Bxb4 21. axb4
Qd6 22. Nb3 Bxb3 23. Rxb3 Nxb4 24. Bh3 Nec6 25. Rbc3 Rd8 26. Nh4 Nd4 27. Qh5
Na2 28. Nf5 g6 29. Qh6 gxf5 0-1

[Event "Lloyds Bank Masters 04th"]
[Site "London"]
[Date "1980.08.22"]
[Round "3.7"]
[White "Iskov, Gert"]
[Black "Wells, Ian Duncan"]
[Result "1/2-1/2"]
[WhiteElo "2400"]
[BlackElo "2220"]
[PlyCount "130"]
[EventDate "1980.08.20"]
[EventType "swiss"]
[EventRounds "9"]
[EventCountry "ENG"]
[SourceTitle "BritBase"]
[Source "John Saunders"]
[SourceDate "2020.09.07"]
[SourceVersion "1"]
[SourceVersionDate "2020.09.07"]
[SourceQuality "2"]

1. c4 e5 2. Nc3 Nf6 3. Nf3 Nc6 4. g3 Bb4 5. Bg2 O-O 6. O-O e4 7. Ne1 Bxc3 8.
dxc3 h6 9. Nc2 d6 10. Ne3 Re8 11. f4 a5 12. h3 h5 13. Kh2 a4 14. Bd2 Bd7 15.
Nd5 Na5 16. b3 Nxd5 17. cxd5 e3 18. Be1 Qf6 19. Rc1 axb3 20. axb3 Bf5 21. Bf3
Bg6 22. c4 Qb2 23. f5 Bxf5 24. Bc3 Qxb3 25. Qd4 f6 26. Bg2 Bh7 27. Rxf6 Re5 28.
Re6 Nxc4 29. Rf1 b5 30. Ba1 Qa4 31. Qh4 Nd2 32. Bxe5 Nxf1+ 33. Bxf1 Qxh4 34.
gxh4 dxe5 35. Bg2 Rb8 36. Rxe5 b4 37. d6 cxd6 38. Bd5+ Kf8 39. Rxh5 Rb5 40.
Rxh7 Rxd5 41. Rh8+ Ke7 42. Rb8 Rd4 43. Kg3 Re4 44. h5 d5 45. Kf3 Kd6 46. Rb7
Kc5 47. Rc7+ Kd4 48. Rxg7 b3 49. Rb7 Kc3 50. Rc7+ Kd2 51. Rb7 Kc2 52. Rc7+ Rc4
53. Rxc4+ dxc4 54. h6 b2 55. h7 b1=Q 56. h8=Q Qg1 57. Qh5 Qf2+ 58. Ke4 c3 59.
Qb5 Kc1 60. Qb3 c2 61. Qa3+ Kd1 62. Qd3+ Ke1 63. Qc3+ Kf1 64. Qxc2 Qxe2 65. Qc3
Qg2+ 1/2-1/2

[Event "Lloyds Bank Masters 04th"]
[Site "London"]
[Date "1980.08.22"]
[Round "3.11"]
[White "Macpherson, Hugh Dugald"]
[Black "Cox, John J"]
[Result "0-1"]
[WhiteElo "2345"]
[BlackElo "2180"]
[PlyCount "101"]
[EventDate "1980.08.20"]
[EventType "swiss"]
[EventRounds "9"]
[EventCountry "ENG"]
[SourceTitle "BritBase"]
[Source "John Saunders"]
[SourceDate "2020.09.07"]
[SourceVersion "1"]
[SourceVersionDate "2020.09.07"]
[SourceQuality "2"]

1. g3 Nf6 2. Bg2 d5 3. Nf3 Bg4 4. O-O Nbd7 5. d3 c6 6. Nbd2 e5 7. c3 h6 8. e4
dxe4 9. dxe4 a5 10. h3 Be6 11. Nh4 Nc5 12. Qf3 Qd3 13. Qxd3 Nxd3 14. Nf5 g6 15.
Ne3 Bc5 16. Nb3 Bxb3 17. axb3 Nxc1 18. Rfxc1 Bxe3 19. fxe3 Ke7 20. Kf2 Nd7 21.
Ke2 Nc5 22. Ra3 Rhd8 23. Rd1 Rxd1 24. Kxd1 Rd8+ 25. Ke2 Nd3 26. Rxa5 Nc1+ 27.
Ke1 Nd3+ 28. Ke2 Nc1+ 29. Ke1 Nxb3 30. Ra7 Rd7 31. Bf3 h5 32. h4 Nd2 33. Ke2
Nc4 34. b3 Nd6 35. c4 c5 36. Ra5 Rc7 37. Kd3 Kd7 38. g4 hxg4 39. Bxg4+ f5 40.
exf5 gxf5 41. Be2 Kc6 42. Ra1 Ne4 43. Kc2 Rh7 44. Rg1 Rxh4 45. Bf3 Kb6 46. Rg6+
Ka5 47. Re6 Rh2+ 48. Kc1 Ng5 49. Rxe5 Nxf3 50. Rxf5 Rf2 51. Rxc5+ 0-1

[Event "Lloyds Bank Masters 04th"]
[Site "London"]
[Date "1980.08.22"]
[Round "3.12"]
[White "Lucena, Lincoln"]
[Black "Jacobs, Byron A"]
[Result "0-1"]
[WhiteElo "2350"]
[BlackElo "2160"]
[PlyCount "96"]
[EventDate "1980.08.20"]
[EventType "swiss"]
[EventRounds "9"]
[EventCountry "ENG"]
[SourceTitle "BritBase"]
[Source "John Saunders"]
[SourceDate "2020.09.07"]
[SourceVersion "1"]
[SourceVersionDate "2020.09.07"]
[SourceQuality "2"]

1. c4 e5 2. Nc3 Bb4 3. Qc2 Bxc3 4. Qxc3 d6 5. e3 Nc6 6. d3 f5 7. g3 Nf6 8. Bg2
O-O 9. Ne2 Be6 10. b4 a6 11. O-O Qd7 12. Bb2 Rae8 13. a4 Nd8 14. b5 axb5 15.
axb5 b6 16. Ra7 Qf7 17. Rc1 Qh5 18. Re1 f4 19. exf4 Bh3 20. Bxh3 Qxh3 21. f3
Ne6 22. fxe5 Ng5 23. Nf4 Nxf3+ 24. Kf2 Qxh2+ 25. Kxf3 Nh5 26. e6 Qxg3+ 27. Ke2
Nxf4+ 28. Kd2 Rxe6 29. Rxe6 Nxe6 30. Kc2 h5 31. c5 Qf2+ 32. Kb1 Qxc5 33. Qb3
Re8 34. Ra8 Qg1+ 35. Bc1 Rxa8 36. Qxe6+ Kh8 37. Qd5 Ra1+ 38. Kxa1 Qxc1+ 39. Ka2
Qc2+ 40. Ka1 Qd1+ 41. Kb2 Qe2+ 42. Kb3 Qe5 43. Qa8+ Kh7 44. Qc6 Qe6+ 45. Kc3
Qf6+ 46. Kb3 Qf7+ 47. Kc3 Qe7 48. Qf3 Qf6+ 0-1

[Event "Lloyds Bank Masters 04th"]
[Site "London"]
[Date "1980.08.22"]
[Round "3.13"]
[White "Petursson, Margeir"]
[Black "Veroci, Zsuzsa"]
[Result "1-0"]
[WhiteElo "2425"]
[BlackElo "2285"]
[PlyCount "89"]
[EventDate "1980.08.20"]
[EventType "swiss"]
[EventRounds "9"]
[EventCountry "ENG"]
[SourceTitle "BritBase"]
[Source "John Saunders"]
[SourceDate "2020.09.07"]
[SourceVersion "1"]
[SourceVersionDate "2020.09.07"]
[SourceQuality "2"]

1. d4 Nf6 2. Nf3 g6 3. Bg5 Bg7 4. Nbd2 O-O 5. e4 d6 6. c3 Nbd7 7. Be2 h6 8. Bh4
e5 9. dxe5 dxe5 10. O-O Qe8 11. Re1 Nh5 12. Bf1 Nf4 13. Nc4 Nb6 14. Ne3 Be6 15.
Nd2 f5 16. f3 Qf7 17. b3 Rfe8 18. Qc2 Kh8 19. Rab1 Nh5 20. exf5 gxf5 21. Bd3
Rf8 22. Nec4 Nd7 23. Kh1 Rae8 24. Na5 Nc5 25. Bf1 f4 26. Bd3 Nxd3 27. Qxd3 Bf5
28. Ne4 b6 29. Nc4 Nf6 30. Bxf6 Bxf6 31. Rbd1 Bh4 32. Rf1 Qh5 33. Kg1 Bg3 34.
hxg3 fxg3 35. Nxg3 Bxd3 36. Nxh5 Bxf1 37. Rxf1 e4 38. f4 Rf5 39. Ng3 Rc5 40.
Ne5 Rxc3 41. Nxe4 Rc2 42. Rd1 Re2 43. Nf6 Re6 44. Rd8+ Kg7 45. Ne8+ 1-0

[Event "Lloyds Bank Masters 04th"]
[Site "London"]
[Date "1980.08.22"]
[Round "3.18"]
[White "Conquest, Stuart"]
[Black "Marlow, Michael W"]
[Result "1-0"]
[WhiteElo "2120"]
[BlackElo "2305"]
[PlyCount "47"]
[EventDate "1980.08.20"]
[EventType "swiss"]
[EventRounds "9"]
[EventCountry "ENG"]
[SourceTitle "BritBase"]
[Source "John Saunders"]
[SourceDate "2020.09.07"]
[SourceVersion "1"]
[SourceVersionDate "2020.09.07"]
[SourceQuality "2"]

1. d4 Nf6 2. c4 g6 3. g3 Bg7 4. Bg2 O-O 5. Nc3 d6 6. Nf3 Nbd7 7. O-O e5 8. h3
c6 9. d5 cxd5 10. cxd5 a5 11. Nd2 Nc5 12. a4 Nh5 13. e4 b6 14. Nc4 Ba6 15. Nb5
Bxb5 16. axb5 Qc7 17. Be3 Nf6 18. Rc1 Rab8 19. f4 Nfd7 20. f5 f6 21. h4 Kf7 22.
Bh3 Rg8 23. fxg6+ hxg6 24. Be6+ 1-0

[Event "Lloyds Bank Masters 04th"]
[Site "London"]
[Date "1980.08.22"]
[Round "3.19"]
[White "Miranda, Marcio MC"]
[Black "Pritchard, David B"]
[Result "1-0"]
[WhiteElo "2270"]
[BlackElo "2160"]
[PlyCount "127"]
[EventDate "1980.08.20"]
[EventType "swiss"]
[EventRounds "9"]
[EventCountry "ENG"]
[SourceTitle "BritBase"]
[Source "John Saunders"]
[SourceDate "2020.09.07"]
[SourceVersion "1"]
[SourceVersionDate "2020.09.07"]
[SourceQuality "2"]

1. c4 c5 2. Nc3 Nf6 3. Nf3 d5 4. cxd5 Nxd5 5. e4 Nb4 6. Bc4 Nd3+ 7. Ke2 Nf4+ 8.
Kf1 Ne6 9. Ne2 g6 10. d4 cxd4 11. Nexd4 Nxd4 12. Qxd4 Qxd4 13. Nxd4 Bg7 14. Be3
O-O 15. Ke2 Bd7 16. Bd5 e5 17. Nb3 Bb5+ 18. Kf3 Bc6 19. Rhd1 Bxd5 20. Rxd5 Nc6
21. a3 b6 22. Ke2 Rac8 23. Rad1 f5 24. f3 Rfe8 25. Rd7 fxe4 26. fxe4 Red8 27.
Rxd8+ Nxd8 28. Rd7 Ne6 29. Kd2 Rc7 30. Rxc7 Nxc7 31. Kd3 Kf7 32. a4 Bf8 33. Kc4
Ke6 34. Nd2 Be7 35. Nf3 Kd6 36. Bd2 Ke6 37. Be1 Bf6 38. Bb4 g5 39. h3 h5 40. g4
hxg4 41. hxg4 Kd7 42. Bc3 Kd6 43. Bb4+ Kc6 44. Bc3 Kd6 45. Bb4+ Kc6 46. Bd2 Ne6
47. b4 Kd6 48. Be3 Kc6 49. b5+ Kd6 50. a5 Bd8 51. a6 Bf6 52. Ne1 Kc7 53. Nd3
Nf4 54. Nb4 Kb8 55. Nc6+ Ka8 56. Bd2 Nh3 57. Be1 Nf4 58. Bc3 Ng2 59. Bd2 Nf4
60. Bb4 Nh3 61. Kd5 Nf2 62. Ke6 Bg7 63. Kf5 Bh8 64. Bd6 1-0

[Event "Lloyds Bank Masters 04th"]
[Site "London"]
[Date "1980.08.22"]
[Round "3.27"]
[White "Pritchett, Craig William"]
[Black "Sowray, Peter J"]
[Result "1/2-1/2"]
[WhiteElo "2390"]
[BlackElo "2240"]
[PlyCount "71"]
[EventDate "1980.08.20"]
[EventType "swiss"]
[EventRounds "9"]
[EventCountry "ENG"]
[SourceTitle "BritBase"]
[Source "John Saunders"]
[SourceDate "2020.09.07"]
[SourceVersion "1"]
[SourceVersionDate "2020.09.07"]
[SourceQuality "2"]

1. e4 c5 2. Nf3 Nc6 3. d4 cxd4 4. Nxd4 Nf6 5. Nc3 e5 6. Ndb5 d6 7. Bg5 a6 8.
Na3 b5 9. Nd5 Be7 10. Bxf6 Bxf6 11. c3 Rb8 12. Nc2 a5 13. Nce3 Bg5 14. a4 b4
15. Bb5 Bd7 16. Nc4 O-O 17. Nxd6 bxc3 18. bxc3 Ne7 19. Bxd7 Qxd7 20. Nb5 Rfd8
21. c4 Rbc8 22. Qe2 Qe6 23. O-O Rc5 24. Rfd1 Rdc8 25. Ndc7 Qh6 26. Rd7 Ng6 27.
Rad1 Nf8 28. R7d6 Qh5 29. g3 Qh3 30. Nd5 Rxc4 31. Nb6 Rc2 32. Qf1 Qxf1+ 33.
Kxf1 R8c6 34. h4 Rxd6 35. Nxd6 Be7 36. Nbc4 1/2-1/2

[Event "Lloyds Bank Masters 04th"]
[Site "London"]
[Date "1980.08.21"]
[Round "3.30"]
[White "Brown, Simon D"]
[Black "Pliester, Leon"]
[Result "0-1"]
[WhiteElo "2260"]
[BlackElo "2245"]
[PlyCount "64"]
[EventDate "1980.08.20"]
[EventType "swiss"]
[EventRounds "9"]
[EventCountry "ENG"]
[SourceTitle "BritBase"]
[Source "John Saunders"]
[SourceDate "2020.09.07"]
[SourceVersion "1"]
[SourceVersionDate "2020.09.07"]
[SourceQuality "2"]

1. d4 Nf6 2. c4 g6 3. Nc3 Bg7 4. e4 d6 5. f4 O-O 6. Nf3 c5 7. d5 e6 8. Be2 exd5
9. cxd5 Re8 10. O-O Nxe4 11. Nxe4 Rxe4 12. Bd3 Re8 13. f5 Nd7 14. Ng5 Ne5 15.
Nxf7 Qh4 16. Rf4 Ng4 17. Qxg4 Re1+ 18. Bf1 Qxg4 19. Rxg4 Bxf5 20. Kf2 Bxg4 21.
Kxe1 Re8+ 22. Kf2 Kxf7 23. Bf4 Bd4+ 24. Kg3 Bf5 25. Bb5 Re4 26. Rf1 Be5 27.
Bxe5 Rxe5 28. Rf2 a6 29. Bd7 Rxd5 30. Bc8 Rd3+ 31. Kh4 Rd4+ 32. Kg3 Rg4+ 0-1